| 000 | 01559nam0a2200373 i 4500 | ||
|---|---|---|---|
| 001 | RU\NLR\bibl\1883595 | ||
| 005 | 20260406013553.0 | ||
| 010 |
_a9785235035072 _91000 |
||
| 021 |
_aRU _b2012-16609 _91248 |
||
| 035 | _a(nilc)RSL-KNO-005404689 | ||
| 035 | _a(NLR Aleph) 001873341 | ||
| 090 |
_a2691393 _c2691393 |
||
| 100 | _a20120319d2012 u y0rusy50 ca | ||
| 101 | 0 | _arus | |
| 102 | _aRU | ||
| 105 | _aa ||||||||| | ||
| 200 | 1 |
_aАрнольд Федун. Иначе я не мог! _fЛеонид Кутырев-Трапезников |
|
| 210 |
_aМосква _cМолодая гвардия _d2012 |
||
| 215 |
_a334, [15] с., [24] л. ил., портр., цв. ил. портр. _d21 |
||
| 225 | 1 |
_aЖизнь замечательных людей _eбиография продолжается... _eсерия биографий _vвып. 17 |
|
| 320 | _aБиблиогр.: с. 348 | ||
| 517 | 0 | _aИначе я не мог! | |
| 600 | 1 |
_aФедун _bА.А. _f1928 _gАрнольд Антонович _92131545 _3RU\NLR\auth\661589971 |
|
| 686 |
_aР.д(2)Федун А.А.-2,0 _2rubbk |
||
| 686 | _aР.г(2)7д.Федун | ||
| 686 | _aЦ7,6(2)6-243дФедун | ||
| 700 | 1 |
_4070 _8rus _7ca _aКутырев-Трапезников _bЛ. А. _gЛеонид Анатольевич _3RU\NLR\auth\77119049 _9101974 |
|
| 702 | 1 |
_aФедун _bА. А. _gАрнольд Антонович _4570 |
|
| 801 | 0 |
_aRU _bRuMoRKP _c20120319 _grcr |
|
| 801 | 1 |
_aRU _bРГБ _c20120319 |
|
| 801 | 2 |
_aRU _bNLR _c20120323 _grcr |
|
| 942 | _cBOOK | ||
| 980 | _aNBR | ||